000 01240nam a2200229Ia 4500
001 16929
003 GE_BSU
008 181216s||||||||xx |||||||||||||| ||und||
040 _cGE_BSU
080 _a82-93
100 _aევდოშვილი, ი. (იროდიონ, 1873-1916)
245 _aსაბავშვო მოთხრობები
245 _cრედ.დ.მაისურაძე. მხ.ირ.რაზმაძე
260 _aთბილისი
260 _bსაბლიტგამი
260 _c1949
300 _a108გვ. ; 21სმ.
653 _aმწყემსი გაგნა; კალოზე; ბატონო მასწავლებელო; უბედური ქორბუდა; ჩვენი ვარდი; ბიჭო გოგია
653 _aორი ობოლი; კაკანათი; გაზაფხული; რას გალობს შაშვი; გულითადი ბიჭუნები მარწყვზე; ჭკვიანი ბასარა; ია; გულითადი მეგობრობა
653 _aსაბავშვო მოთხრობები
942 _cBK
999 _c49992
_d49992